Sweden True or False? - Statistics

General Stats
  • This quiz has been taken 40,184 times
    40,173 since last reset
  • The average score is 11 of 15
Answer Stats
Question Answer % Correct
Sweden is considered part of Scandinavia True
98%
Sweden's flag is blue and yellow only True
93%
ABBA recorded the hit song "Waterloo" True
87%
Sweden is a NATO member True
86%
Denmark and Sweden are connected via a bridge True
86%
Sweden was officially neutral during WWII True
82%
"Högertrafikomläggningen" was the day in 1967 where Sweden switched from driving on the left to driving on the right True
81%
Swedish and Finnish are very similar languages False
80%
The 10 most common family names in Sweden all end in "-son" True
71%
More than 95% of Swedish residents were born in Sweden False
68%
Every category of Nobel Prize is awarded in Stockholm False
64%
Sweden has never had any colonies outside of Europe False
62%
Ingmar Bergman was Ingrid Bergman's father False
61%
Stockholm is built on islands True
60%
Sweden has hosted both the Summer Olympics and FIFA World Cup True
41%
No matching quizzes found
Score Distribution
Percent of People with Each Score
Percentile by Number Answered
Your Score History
You have not taken this quiz since the last reset